From calculus to computers (Record no. 13632)
[ view plain ]
| 000 -LEADER | |
|---|---|
| fixed length control field | 01362nam a2200349Ia 4500 |
| 245 00 - TITLE STATEMENT | |
| Title | From calculus to computers |
| 260 ## - PUBLICATION, DISTRIBUTION, ETC. (IMPRINT) | |
| Place of publication | Washington, DC : |
| Name of publisher | Mathematical Association of America, |
| Year of publication | c2005. |
| 300 ## - PHYSICAL DESCRIPTION | |
| Number of Pages | xii, 255 p. : |
| Other physical details | ill. |
| 490 1# - SERIES STATEMENT | |
| Series statement | MAA notes ; |
| 650 #0 - SUBJECT ADDED ENTRY--TOPICAL TERM | |
| Topical Term | Mathematics |
| Topical Term | Calculus |
| 700 1# - ADDED ENTRY--PERSONAL NAME | |
| Personal name | Shell-Gellasch, Amy. |
| Personal name | Jardine, Dick. |
| 856 40 - ELECTRONIC LOCATION AND ACCESS | |
| Uniform Resource Identifier | http://site.ebrary.com/lib/rucke/Doc?id=10684319 |
No items available.
